UBT Library

Manual of Soft-Tissue Management in Orthopaedic Trauma (Record no. 47495)

000 -LEADER
fixed length control field 00324nam a22001337a 4500
008 - FIXED-LENGTH DATA ELEMENTS--GENERAL INFORMATION
fixed length control field 180904b xxu||||| |||| 00| 0 eng d
020 ## - INTERNATIONAL STANDARD BOOK NUMBER
International Standard Book Number 9783131663719
041 ## - LANGUAGE CODE
Language code of text/sound track or separate title eng
080 ## - UNIVERSAL DECIMAL CLASSIFICATION NUMBER
Universal Decimal Classification number 617
100 ## - Rafti
Rafti 8
101 O# - Shkurtesa
Shkurtesa ORT
245 ## - TITLE STATEMENT
Title Manual of Soft-Tissue Management in Orthopaedic Trauma
Statement of responsibility, etc Volgas, D.A
942 ## - ADDED ENTRY ELEMENTS (KOHA)
Source of classification or shelving scheme
Item type Books
Holdings
Withdrawn status Lost status Source of classification or shelving scheme Damaged status Not for loan Collection code Permanent location Current location Shelving location Date acquired Total Checkouts Full call number Barcode Date last seen Price effective from Koha item type
          Koleksioni i përgjithshem UBT - Lipjan UBT - Lipjan Koleksioni i përgjithshem 09/04/2018   617 VOL 002-3012379 09/04/2018 09/04/2018 Books
UBT Library © 2015-2024. All rights reserved University Education for Business and Technology